| 000 | 01325cam a22003857a 4500 | ||
|---|---|---|---|
| 003 | CHAP | ||
| 005 | 20220817043530.0 | ||
| 008 | 990503d1999 mx r 00110 spa d | ||
| 010 | _a77712 | ||
| 011 | _a78684 | ||
| 035 | _a88701 | ||
| 040 | _cCHAP | ||
| 090 | _aTesis | ||
| 100 | 0 | 0 |
_aBonilla Jiménez, Carlos. _913704 |
| 245 | 1 | 0 |
_aProblemas de la emergencia de una tendencia comunitaria _c/por Carlos Bonilla Jiménez |
| 260 |
_aChapingo, Méx. : _bEl autor, _c1999. |
||
| 300 | _a165 h. | ||
| 502 | _aTesis (M.C. en Desarrollo Rural Regional) --UACH. Dirección de Centros Regionales Universitarios | ||
| 590 |
_aALEPH _b10 _c20130110 _lUCH01 _h1429 |
||
| 590 |
_aBATCH-UPD _b10 _c20130110 _lUCH01 _h0532 |
||
| 590 |
_aBATCH-UPD _b10 _c20130410 _lUCH01 _h0212 |
||
| 590 |
_aBATCH-UPD _b10 _c20130914 _lUCH01 _h0656 |
||
| 590 |
_aCONVERSION _b10 _c20130109 _lUCH01 _h1343 |
||
| 650 | 1 | 4 |
_aCampesinado _xMichoacán. _918024 |
| 650 | 1 | 4 |
_aDesarrollo rural. _932067 |
| 650 | 1 | 4 | _aDesarrollo sustentable. |
| 650 | 1 | 4 |
_aFamilia. _939405 |
| 650 | 1 | 4 |
_aRecursos naturales _xMichoacán. _995298 |
| 650 | 1 | 4 |
_aTrabajo _xOfertas de. _9114483 |
| 901 | _aBK | ||
| 905 | _aAlejandra Carrasco M. | ||
| 942 | _cFOLL | ||
| 949 |
_bBC _cTES _d33724000714978 _eTS2 _fc.2 _h33929 _i88701 _sb |
||
| 949 |
_bBC _cTES _d887011 _eTS1 _h33928 _i88701 _sb |
||
| 999 |
_c77712 _d77712 |
||